100 [i.e. Cien] años de música mexicana para piano = 100 Years of Piano Mexican Music /

Nacido en Suiza, el pianista Jean-Baptiste Müller estudió en el Conservatorio de Basilea y en París con Christine Paraschos, participando además en talleres y seminarios con otros grandes pianistas. Ha ofrecido conciertos y recitales en numerosas ciudades europeas y también en México, donde además h...

תיאור מלא

שמור ב:
מידע ביבליוגרפי
מחבר ראשי: Müller, Jean-Baptiste (ejecución musical)
מחברים אחרים: Castro, Ricardo (música) (música), Elías, Alfonso de (música) (música), Revueltas, Silvestre (música) (música), Velázquez, Leonardo (música) (música), Moncayo, José Pablo (música) (música), Castillo, Carlos del (música) (música), Hernández, José Juan (música) (música), González Avila, Jorge (música) (música), Ibarra, Federico (música) (música), Rolón, José (música) (música), Márquez, Arturo (música) (música), Tello, Aurelio (texto del folleto) (texto del folleto)
פורמט: אודיו
יצא לאור: México : CONACULTA : Fondo Nacional para la Cultura y las Artes, 2003, c2003
נושאים:
תגים: הוספת תג
אין תגיות, היה/י הראשונ/ה לתייג את הרשומה!

MARC

LEADER 00000njm^a2200000^a^4500
001 000186922
005 20251020000000.0
009 20260310102243.861
037 |a Acervo ITESO - Biblioteca 
041 |a SON 
082 |a 789. 1410972  |b MUL 
100 |a Müller, Jean-Baptiste  |e (ejecución musical) 
240 1 1 |a [Estudio de Concierto Nº 1, de Ricardo Castro] 
240 1 1 |a [Intermezzo, de Alfonso de Elías] 
240 1 1 |a [Estudio de Concierto Nº 2, de Ricardo Castro] 
240 1 1 |a [Allegro, de Silvestre Revueltas] 
240 1 1 |a [Margarita, de Silvestre Revueltas] 
240 1 1 |a [Canción, de Silvestre Revueltas] 
240 1 1 |a [Toccata, de Leonardo Velázquez] 
240 1 1 |a [Muros verdes] 
240 1 1 |a [Veracruzana, de Carlos del Castillo] 
240 1 1 |a [Danza para mano izquierda] 
240 1 1 |a [Sonata, de José Juan Hernández] 
240 1 1 |a [Preludio V, de Jorge González Avila] 
240 1 1 |a [Sonata II, de Federico Ibarra] 
240 1 1 |a [Vals Sobre las olas] 
240 1 1 |a [Días de mar y río] 
245 1 0 |a 100 [i.e. Cien] años de música mexicana para piano =  |b 100 Years of Piano Mexican Music /  |c Piano J.B. Müller ; texto del folleto de A. Tello ; tr. por Matthew P. Schubring, Isabelle Villey. 
264 4 |a México :  |b CONACULTA :  |b Fondo Nacional para la Cultura y las Artes,  |c 2003, c2003 
300 |a 1 disco compacto sonoro (73 min.) +  |e 1 folleto (28 p.) 
336 |a música interpretada  |b prm  |2 rdacontenido 
337 |a audio  |b s  |2 rdamedio 
338 |a disco sonoro  |b sd  |2 rdasoporte 
520 |a Nacido en Suiza, el pianista Jean-Baptiste Müller estudió en el Conservatorio de Basilea y en París con Christine Paraschos, participando además en talleres y seminarios con otros grandes pianistas. Ha ofrecido conciertos y recitales en numerosas ciudades europeas y también en México, donde además ha ejercido la docencia. Ha obtenido premios en la Busoni International Competition y en la Parke-Davis Competition, entre otros. Es director de la rama mexicana y latinoamericana de la Artlife International, con sede en París. 
546 |a Edición bilingüe español-inglés (folleto) 
649 |a XX 
650 |a Músicos Mexicanos 
650 |a Músicos Suizos 
650 |a Artistas Mexicanos 
650 |a Artistas Suizos 
650 |a Piano 
650 |a Instrumentos Musicales 
650 |a Música de Cámara -  |z México 
650 |a Música de Concierto -  |z México 
650 |a Música Mexicana -  |y Siglo XIX 
650 |a Música Mexicana -  |y Siglo XX 
650 |a Música Mexicana -  |x Intérpretes Suizos 
650 |a Castro, Ricardo 
650 |a Elías, Alfonso de 
650 |a Revueltas, Silvestre 
650 |a Velázquez, Leonardo 
650 |a Moncayo, José Pablo 
650 |a Castillo, Carlos del 
650 |a Hernández, José Juan 
650 |a González Avila, Jorge 
650 |a Ibarra, Federico 
650 |a Rolón, José 
650 |a Márquez, Arturo 
650 |a Müller, Jean-Baptiste 
700 |a Castro, Ricardo  |e (música) 
700 |a Elías, Alfonso de  |e (música) 
700 |a Revueltas, Silvestre  |e (música) 
700 |a Velázquez, Leonardo  |e (música) 
700 |a Moncayo, José Pablo  |e (música) 
700 |a Castillo, Carlos del  |e (música) 
700 |a Hernández, José Juan  |e (música) 
700 |a González Avila, Jorge  |e (música) 
700 |a Ibarra, Federico  |e (música) 
700 |a Rolón, José  |e (música) 
700 |a Márquez, Arturo  |e (música) 
700 |a Tello, Aurelio  |e (texto del folleto) 
910 |a Fondo General 
920 |a Sonoros - CDs 
940 |a CDs de Música 
905 |a 401 
901 |a 0500128787  |b IT2  |c CDM  |u 20250521 
901 |a 0500128788  |b IT2  |c MIM  |u 20251020 
902 |a https://opac.biblio.iteso.mx/vufind/Record/000186922